Statistics for 3-Letter Scrabble Words that start with "P"

Click here to take the quiz!

General Stats

  • This quiz has been taken 246 times
  • The average score is 52 of 63

Answer Stats

Answerpus % Correct
pat
98%
pan
98%
pet
98%
pin
97%
pen
97%
peg
96%
pad
96%
pit
95%
pot
95%
pal
95%
par
94%
paw
94%
pam
94%
ped
94%
pew
94%
pee
93%
pig
93%
put
93%
pay
92%
pea
92%
pie
92%
per
92%
pas
91%
pac
90%
pep
90%
pop
89%
pun
89%
pap
89%
pod
89%
pax
88%
pow
88%
pom
88%
pes
88%
pip
88%
pis
86%
pug
86%
pec
86%
pic
86%
pub
85%
pup
84%
pah
84%
pur
83%
pud
83%
pus
82%
peh
81%
pol
80%
poi
80%
pia
79%
pix
79%
pox
77%
poh
76%
pul
72%
piu
68%
pry
65%
pro
65%
phi
63%
ply
59%
pye
55%
psi
52%
pya
43%
pst
33%
pyx
33%
pht
32%

Score Distribution

Percentile by Number Answered

Percent of People with Each Score

Your Score History

You have not taken this quiz